| 000 | 00583nam a22001577a 4500 | ||
|---|---|---|---|
| 003 | macl | ||
| 005 | 20200103121726.0 | ||
| 008 | 200103b xxu||||| |||| 00| 0 eng d | ||
| 040 | _cmacl | ||
| 082 | _a800/YAD | ||
| 100 |
_aयादव , डॉ .कौशल्या _977652 |
||
| 245 | _aसमकालीन समाज में बदलाव रमाकान्त का कथा साहित्य | ||
| 260 |
_aदिल्ली _bईशा ज्ञानदीप _c2017 |
||
| 650 |
_aकथा साहित्य _9191 |
||
| 942 |
_2ddc _cHIN |
||
| 999 |
_c61652 _d61652 |
||